000 00461nam a2200157 4500
999 _c507250
_d507250
008 190207b ||||| |||| 00| 0 eng d
100 _aMezzadri, Alessandra
_91187
245 _aClasses of labour at the margins of global commodity chains in India and China
260 _c2018
300 _ap.1034-1063.
650 _aLabour - China
_91188
700 _aLulu, Fan
_91189
773 _aDevelopment and Change
906 _aLabour - India
942 _2ddc
_cAR